<?xml version="1.0" encoding="UTF-8"?>
<record
    xmlns:xsi="http://www.w3.org/2001/XMLSchema-instance"
    xsi:schemaLocation="http://www.loc.gov/MARC21/slim http://www.loc.gov/standards/marcxml/schema/MARC21slim.xsd"
    xmlns="http://www.loc.gov/MARC21/slim">

  <leader>00592nam a22002057a 4500</leader>
  <controlfield tag="003">OSt</controlfield>
  <controlfield tag="005">20260512121816.0</controlfield>
  <controlfield tag="008">260512b        |||||||| |||| 00| 0 eng d</controlfield>
  <datafield tag="020" ind1=" " ind2=" ">
    <subfield code="a">9789395161367</subfield>
  </datafield>
  <datafield tag="040" ind1=" " ind2=" ">
    <subfield code="b">English</subfield>
    <subfield code="c">Central Library IIT Goa</subfield>
  </datafield>
  <datafield tag="082" ind1=" " ind2=" ">
    <subfield code="a">512.202453</subfield>
    <subfield code="b">JOS</subfield>
  </datafield>
  <datafield tag="100" ind1=" " ind2=" ">
    <subfield code="a">Joshi, A. W.</subfield>
    <subfield code="e">author</subfield>
    <subfield code="9">3822</subfield>
  </datafield>
  <datafield tag="245" ind1=" " ind2=" ">
    <subfield code="a">Elements of Group Theory for Physicists /</subfield>
    <subfield code="c"> A. W. Joshi</subfield>
  </datafield>
  <datafield tag="250" ind1=" " ind2=" ">
    <subfield code="a">6/e</subfield>
  </datafield>
  <datafield tag="260" ind1=" " ind2=" ">
    <subfield code="a">New Delhi :</subfield>
    <subfield code="b">New Age International (P) Limited, Publishers,</subfield>
    <subfield code="c">2023</subfield>
  </datafield>
  <datafield tag="300" ind1=" " ind2=" ">
    <subfield code="a">xiv,308p.</subfield>
  </datafield>
  <datafield tag="650" ind1=" " ind2=" ">
    <subfield code="a">Group Theory</subfield>
    <subfield code="9">2410</subfield>
  </datafield>
  <datafield tag="650" ind1=" " ind2=" ">
    <subfield code="a">Physics</subfield>
    <subfield code="9">62</subfield>
  </datafield>
  <datafield tag="942" ind1=" " ind2=" ">
    <subfield code="2">ddc</subfield>
    <subfield code="c">BK</subfield>
  </datafield>
  <datafield tag="952" ind1=" " ind2=" ">
    <subfield code="0">0</subfield>
    <subfield code="1">0</subfield>
    <subfield code="2">ddc</subfield>
    <subfield code="4">0</subfield>
    <subfield code="7">0</subfield>
    <subfield code="8">TECH</subfield>
    <subfield code="a">IITGCL</subfield>
    <subfield code="b">IITGCL</subfield>
    <subfield code="c">GEN</subfield>
    <subfield code="d">2026-05-12</subfield>
    <subfield code="e">Creative Books</subfield>
    <subfield code="g">499.00</subfield>
    <subfield code="l">0</subfield>
    <subfield code="o">512.202453 JOS</subfield>
    <subfield code="p">4683</subfield>
    <subfield code="r">2026-05-12 12:19:21</subfield>
    <subfield code="t">1</subfield>
    <subfield code="v">499.00</subfield>
    <subfield code="w">2026-05-12</subfield>
    <subfield code="y">BK</subfield>
    <subfield code="z">CB/26216||28-04-2026||20.00%</subfield>
  </datafield>
  <datafield tag="952" ind1=" " ind2=" ">
    <subfield code="0">0</subfield>
    <subfield code="1">0</subfield>
    <subfield code="2">ddc</subfield>
    <subfield code="4">0</subfield>
    <subfield code="7">0</subfield>
    <subfield code="8">TECH</subfield>
    <subfield code="a">IITGCL</subfield>
    <subfield code="b">IITGCL</subfield>
    <subfield code="c">GEN</subfield>
    <subfield code="d">2026-05-12</subfield>
    <subfield code="e">Creative Books</subfield>
    <subfield code="g">499.00</subfield>
    <subfield code="l">0</subfield>
    <subfield code="o">512.202453 JOS</subfield>
    <subfield code="p">4684</subfield>
    <subfield code="r">2026-05-12 12:19:21</subfield>
    <subfield code="t">2</subfield>
    <subfield code="v">499.00</subfield>
    <subfield code="w">2026-05-12</subfield>
    <subfield code="y">BK</subfield>
    <subfield code="z">CB/26216||28-04-2026||20.00%</subfield>
  </datafield>
  <datafield tag="999" ind1=" " ind2=" ">
    <subfield code="c">1926</subfield>
    <subfield code="d">1926</subfield>
  </datafield>
</record>
